[Event "Galatzi GP op"]
[Site "Galatzi"]
[Date "2007.05.08"]
[Round "1"]
[White "Jianu, Vlad Cristian"]
[Black "Bargan, Giorgel"]
[Result "1-0"]
[WhiteElo "2506"]
[BlackElo "1828"]
[PlyCount "137"]
[EventDate "2007.05.08"]
[EventType "swiss"]
[EventRounds "9"]
[EventCountry "ROU"]
[SourceTitle "CBM 118 Extra"]
[Source "ChessBase"]
[SourceDate "2007.07.04"]
[SourceVersion "1"]
[SourceVersionDate "2007.07.04"]
[SourceQuality "1"]

1. d4 d6 2. Nf3 g6 3. c4 Nf6 4. Nc3 Bg7 5. Bg5 a6 6. e3 c6 7. a4 Nbd7 8. Be2 Rb8 9. 0-0 0-0 10. Qc2 Re8 11. Rfd1 Qc7 12. b4 e5 13. dxe5 Nxe5 14. Qd2 Be6 15. c5 Nxf3+ 16. Bxf3 Rbd8 17. cxd6 Qd7 18. h3 Bb3 19. Rdb1 Bc4 20. b5 axb5 21. axb5 Qxd6 22. Qxd6 Rxd6 23. Bf4 Rde6 24. Ra7 cxb5 25. Nxb5 Rb6 26. Rxb7 Rxb7 27. Bxb7 Bf8 28. Nd6 Bxd6 29. Bxd6 Bd3 30. Rc1 Be4 31. Ba6 Bd5 32. Bb5 Ra8 33. f3 Be6 34. e4 Ne8 35. Bf4 h5 36. h4 Kg7 37. Kf2 Rd8 38. Ra1 Nd6 39. Be2 Ne8 40. Ra7 Rc8 41. Bb5 Kg8 42. Kg3 Nf6 43. Be5 Nh7 44. Rb7 Nf8 45. Kf4 Ra8 46. Bd6 Rd8 47. Be7 Ra8 48. Ke5 Bc8 49. Rc7 Be6 50. Kd6 Rb8 51. Bc6 Bb3 52. Rb7 Rxb7 53. Bxb7 Bc4 54. Bd5 Bf1 55. g3 Bg2 56. f4 Bh3 57. Bf6 Ne6 58. Ke7 Bg4 59. Bc3 Bh3 60. Kf6 Nd8 61. Ba5 Ne6 62. f5 gxf5 63. exf5 Ng7 64. Bxf7+ Kh7 65. Bg6+ Kg8 66. Ke5 Bg4 67. Bb4 Nxf5 68. Bxf5 Be2 69. Kf6 1-0